01762nam a2200217 a 4500001001000000003000500010005001700015008004100032010001100073011001100084040000900095082001900104245009300123246009700216260004100313300000900354500007500363505102300438650005201461650003101513000116309CHAP20220329144610.0191125s2015 mx |r| ||||||spa d a112770 a113742 cCHAP04a336.72072bP9200aI Premio Nacional de Investigación :bimpulso al desarrollo de las finanzas estatales.00aPrimer Premio Nacional de Investigación :bimpulso al desarrollo de las Finanzas estatales aCiudad de México :bUNAM,c[2015]. a3 v. aInvestigaciones ganadoras en la categoría de Licenciatura y Posgrado aVolumen 1. Licenciatura 1o. lugar: Gasto público, descentralización fiscal y crecimiento económico : el caso de Chiapas (1982-2012) /Alfredo Saragos López. -- 2o. lugar: El efecto de la distribucción del gasto de la educación en el bienestar educativo de las entidades federativas de México (2005-2010) /Juan Carlos Sánchez Mujica Dunand. -- [3o. lugar]: Análisis de la eficiencia recaudatoria del impuesto sobre nóminas en México 2005-2012 / Alejandro Platas López. -- Volumen 2. Posgrado 1o. lugar: Análisis fractal aplicada a la recaudación local como medida de control para las finanzas estatales / Sergio Lagunas Puls. --2o. lugar: La economía del conocimiento en las entidades federativas de México, una propuesta para impulsar su crecimiento económico / Carlos Manuel Sánchez Ramírez. -- Posgrado Mención especial: Análisis de la implementación de la armonización contable en entidades públicas del estado de Quintana Roo / Juana Trujillo. -- Volumen 3. Reseña.14aFinanzas públicaszMéxicoxInvestigación.14aGasto públicozMéxico.